Program na chemickú analýzu látok z meraných údajov vodivostných a UV detektorov
Uložené v:
| Hlavný autor: | |
|---|---|
| Ďalší autori: | , |
| Médium: | Rukopis Kniha |
| Vydavateľské údaje: |
Bratislava :
STU v Bratislave FEI,
2003
|
| Predmet: | |
| Tagy: |
Žiadne tagy, Buďte prvý, kto otaguje tento záznam!
|
MARC
| LEADER | 00000ntm a22000003a 4500 | ||
|---|---|---|---|
| 001 | stu83333 | ||
| 005 | 20160719164724.5 | ||
| 008 | 040126s2003----------------------------d | ||
| 040 | |a STU |b slo | ||
| 041 | 0 | ||
| 100 | 1 | |a Nagyová, Monika |4 aut | |
| 245 | 1 | |a Program na chemickú analýzu látok z meraných údajov vodivostných a UV detektorov | |
| 260 | |a Bratislava : |b STU v Bratislave FEI, |c 2003 | ||
| 300 | |a 76 s | ||
| 650 | 7 | |a automatizácia |2 stusub | |
| 700 | 1 | |a Kajan, Slavomír, |d 1972- |4 ths |u E010 |T FEI Ústav riadenia a priemyselnej informatiky |X 4240 |U E010 |Y E010 |7 A000004240 | |
| 700 | 1 | |a Hypiusová, Mária |4 ths |u E010 |T FEI Ústav riadenia a priemyselnej informatiky |X 4949 |U E010 |Y E010 |7 A000004949 | |